<The> Japanese asset price bubble
Bublinová ekonomika - príznaky a príčiny. Začiatok v rokoch 1985-87. Situácia v Japonsku. Intervencie centrálnej banky na zničenie bubliny. Vznik bubliny na japonskom trhu aktív, zásahy japonskej centrálnej banky. Súčasná globálna finančná kríza.
Salvato in:
| Autore principale: | |
|---|---|
| Natura: | Capitolo di libro |
| Lingua: | inglese |
| Soggetti: | |
| Tags: |
Nessun Tag, puoi essere il primo ad aggiungerne!!
|
MARC
| LEADER | 00000naa$a2200000$$$4500 | ||
|---|---|---|---|
| 001 | 0151813 | ||
| 005 | 20240502083346.6 | ||
| 041 | 0 | |a eng | |
| 044 | |a RU | ||
| 245 | 1 | 0 | |a <The> Japanese asset price bubble |c Richard Woltemar |
| 520 | |a Bublinová ekonomika - príznaky a príčiny. Začiatok v rokoch 1985-87. Situácia v Japonsku. Intervencie centrálnej banky na zničenie bubliny. Vznik bubliny na japonskom trhu aktív, zásahy japonskej centrálnej banky. Súčasná globálna finančná kríza. | ||
| 610 | 2 | 0 | |a kríza finančná |
| 610 | 2 | 0 | |a bubliny finančné |
| 610 | 2 | 0 | |a trh akciový |
| 610 | 2 | 0 | |a banky centrálne |
| 610 | 2 | 0 | |a Japonsko |
| 100 | 1 | |a Woltemar, Richard | |